000
00292nam a22001337a 4500
082
_a
220
_b
HOS/B
100
_a
HOSANNA MOUNT
245
_a
MALAYALAM BIBLE
250
_a
13 TH EDITION
260
_a
EDAMATTOM
_b
HOSANNA MOUNT
_c
2010
300
_a
358
650
_a
RELIGIOUS
_z
KERALA
942
_c
BK
999
_c
5263
_d
5263